Classification phylogénétique du pigeon des villes - Statistiques

Statistiques générales
  • Ce quiz a été pris 21 fois
  • Le résultat moyen est 6 sur 56
Statistiques - réponses
Rang Taxon % Correct
Règne Metazoa
95%
Classe Aves
89%
Domaine Eukaryota
58%
Embranchement Chordata
42%
Sous-embranchement Vertebrata
42%
Super-ordre Dinosauria
26%
Sous-règne Eumetazoa
26%
Clade Amniota
21%
Famille Columbidae
21%
Genre Columba
16%
Sous-famille Columbinae
16%
Super-classe Tetrapoda
16%
Sous-ordre Theropoda
16%
Sous-règne Bilateria
11%
Espèce Columba livia
11%
Ordre Columbiformes
11%
Super-embranchement Deuterostomia
11%
Clade Archosauria
5%
Clade Avialae
5%
Sous-espèce Columba livia domestica
5%
Sous-classe Diapsida
5%
Clade Maniraptora
5%
Super-règne Opisthokonta
5%
Clade Sauria
5%
Ordre Saurischia
5%
Classe Sauropsida
5%
Clade Archosauriformes
0%
Infra-classe Archosauromorpha
0%
Clade Avemetatarsalia
0%
Clade Averostra
0%
Clade Coelurosauria
0%
Clade Columbea
0%
Clade Crocopoda
0%
Clade Dinosauriformes
0%
Clade Dinosauromorpha
0%
Clade Dracohors
0%
Clade Euornithes
0%
Clade Eureptilia
0%
Clade Eusaurischia
0%
Clade Euteleostomi
0%
Infra-embranchement Gnathostomata
0%
Clade Neodiapsida
0%
Infra-classe Neognathae
0%
Sous-classe Neornithes
0%
Clade Neotheropoda
0%
Clade Nephrozoa
0%
Clade Olfactore
0%
Clade Ornithodira
0%
Clade Ornithothoraces
0%
Clade Ornithurae
0%
Clade Paraves
0%
Clade Pennaraptora
0%
Clade Reptiliomorpha
0%
Clade Sacropterygii
0%
Infra-ordre Tetanurae
0%
Sous-domaine Unickonta
0%
Aucun quiz correspondant
Distribution des résultats
% des personnes avec chaque résultat
Percentile par nombre de réponses
Votre historique - résultats
Vous n’avez pas pris ce quiz